01205 a2200169 45000010006000000050017000060080041000230030015000640400040000790800083001192450053002022640039002553000024002945050688003180410008010061000021010145896620260407155843.0260407a1968 arg spa dAR-UNSa-BCEJYS aAR-UNSa-BCEJYSbspacAR-UNSa-BCEJYS a338.45xIndustria como sector económico. Producción comercial, industrial 10aNormas y métodos para el desarrollo industrial 1aMéxico :bReverte Mexicanac1968 axii, 353 p.c23 cm. a1. La industrialización en el mundo actual - 2. Estrategia del desarrollo industrial - 3. Enfoques sobre normas para el desarrollo industrial - 4. Papel de diversos tipos de industrias - 5. Mejoramiento de las condiciones para las inversiones en la industria - 6. Identificación de las oportunidades industriales - 7. Estudios de factibilidad - 8. Promoción de la inversión industrial - 9. Ayuda a los nuevos inversionistas industriales - 10. Financiamiento del desarrollo industrial - 11. Planeamiento industrial e informes acerca del progreso - 12. Incentivos fiscales - 13. Incentivos de tarifa - 14. Otros incentivos - 15. El costo y la justificación de los incentivos. aspa1 aBryce, Murray D.